000 01062cad a2200253 4500
001 L158761
008 100215n2013 000 0 eng u
020 _a9781783210305
035 _a(Sirsi) u158761
041 _aeng
100 1 _aMuriro, Anywhere
111 2 _aConstruction and Building Research Conference
_cIIT Delhi, New Delhi
_d10-12 September 2013
245 0 0 _aDesign and build procurement method in practice
_bexploration of experiences of key participants in the UK construction industry
_h[electronic resource]
260 _aLondon
_bRICS
_c2013
490 0 _aCOBRA
_v2013
520 _aA paper presented at the COBRA Conference in New Delhi on 10-12 September 2013. Looks at developing a framework for facilitating effective and efficient implementation of the design and build procurement method.
650 2 4 _aCONSTRUCTION AND BUILDING RESEARCH CONFERENCE (COBRA)
650 2 4 _aDESIGN AND BUILD
650 2 4 _aPROCUREMENT METHODS
651 4 _aUnited Kingdom
_y
690 _aProcurement
_96260
700 1 _aWood, Gerard
942 _n0
999 _c115494
_d115494